|
|
|
|
| LEADER |
04237nam a2200589 4500 |
| 001 |
978-3-319-72153-8 |
| 003 |
DE-He213 |
| 005 |
20191025201428.0 |
| 007 |
cr nn 008mamaa |
| 008 |
180301s2018 gw | s |||| 0|eng d |
| 020 |
|
|
|a 9783319721538
|9 978-3-319-72153-8
|
| 024 |
7 |
|
|a 10.1007/978-3-319-72153-8
|2 doi
|
| 040 |
|
|
|d GrThAP
|
| 050 |
|
4 |
|a HD30.23
|
| 072 |
|
7 |
|a KJT
|2 bicssc
|
| 072 |
|
7 |
|a BUS049000
|2 bisacsh
|
| 072 |
|
7 |
|a KJT
|2 thema
|
| 072 |
|
7 |
|a KJMD
|2 thema
|
| 082 |
0 |
4 |
|a 658.40301
|2 23
|
| 245 |
1 |
0 |
|a Handbook of Optimization in the Railway Industry
|h [electronic resource] /
|c edited by Ralf Borndörfer, Torsten Klug, Leonardo Lamorgese, Carlo Mannino, Markus Reuther, Thomas Schlechte.
|
| 250 |
|
|
|a 1st ed. 2018.
|
| 264 |
|
1 |
|a Cham :
|b Springer International Publishing :
|b Imprint: Springer,
|c 2018.
|
| 300 |
|
|
|a XXIV, 321 p. 94 illus., 76 illus. in color.
|b online resource.
|
| 336 |
|
|
|a text
|b txt
|2 rdacontent
|
| 337 |
|
|
|a computer
|b c
|2 rdamedia
|
| 338 |
|
|
|a online resource
|b cr
|2 rdacarrier
|
| 347 |
|
|
|a text file
|b PDF
|2 rda
|
| 490 |
1 |
|
|a International Series in Operations Research & Management Science,
|x 0884-8289 ;
|v 268
|
| 505 |
0 |
|
|a Chapter1: Simulation of Rail Operations -- Chapter2: Capacity Assessment in Railway Networks -- Chapter3: Aggregation methods for railway network design based on lifted Benders Cuts -- Chapter4: Freight Train Routing -- Chapter5: Robust Train Timetabling -- Chapter6: Modern Challenges in Timetabling -- Chapter7: Railway Track Allocation -- Chapter8: Use of Optimization Tools for Routing in Rail Freight Transport -- Chapter9: Optimization of Railway Freight Shunting -- Chapter10: Optimization of Rolling Stock Rotations -- Chapter11: Railway Crew Management -- Chapter12: Train Dispatching -- Chapter13: Delay Propagation and Delay Management in Transportation Networks.
|
| 520 |
|
|
|a This book promotes the use of mathematical optimization and operations research methods in rail transportation. The editors assembled thirteen contributions from leading scholars to present a unified voice, standardize terminology, and assess the state-of-the-art. There are three main clusters of articles, corresponding to the classical stages of the planning process: strategic, tactical, and operational. These three clusters are further subdivided into five parts which correspond to the main phases of the railway network planning process: network assessment, capacity planning, timetabling, resource planning, and operational planning. Individual chapters cover: Simulation Capacity Assessment Network Design Train Routing Robust Timetabling Event Scheduling Track Allocation Blocking Shunting Rolling Stock Crew Scheduling Dispatching Delay Propagation.
|
| 650 |
|
0 |
|a Operations research.
|
| 650 |
|
0 |
|a Decision making.
|
| 650 |
|
0 |
|a Management science.
|
| 650 |
|
0 |
|a Transportation.
|
| 650 |
1 |
4 |
|a Operations Research/Decision Theory.
|0 http://scigraph.springernature.com/things/product-market-codes/521000
|
| 650 |
2 |
4 |
|a Operations Research, Management Science.
|0 http://scigraph.springernature.com/things/product-market-codes/M26024
|
| 650 |
2 |
4 |
|a Transportation.
|0 http://scigraph.springernature.com/things/product-market-codes/119000
|
| 700 |
1 |
|
|a Borndörfer, Ralf.
|e editor.
|4 edt
|4 http://id.loc.gov/vocabulary/relators/edt
|
| 700 |
1 |
|
|a Klug, Torsten.
|e editor.
|4 edt
|4 http://id.loc.gov/vocabulary/relators/edt
|
| 700 |
1 |
|
|a Lamorgese, Leonardo.
|e editor.
|4 edt
|4 http://id.loc.gov/vocabulary/relators/edt
|
| 700 |
1 |
|
|a Mannino, Carlo.
|e editor.
|4 edt
|4 http://id.loc.gov/vocabulary/relators/edt
|
| 700 |
1 |
|
|a Reuther, Markus.
|e editor.
|4 edt
|4 http://id.loc.gov/vocabulary/relators/edt
|
| 700 |
1 |
|
|a Schlechte, Thomas.
|e editor.
|4 edt
|4 http://id.loc.gov/vocabulary/relators/edt
|
| 710 |
2 |
|
|a SpringerLink (Online service)
|
| 773 |
0 |
|
|t Springer eBooks
|
| 776 |
0 |
8 |
|i Printed edition:
|z 9783319721521
|
| 776 |
0 |
8 |
|i Printed edition:
|z 9783319721545
|
| 776 |
0 |
8 |
|i Printed edition:
|z 9783030101602
|
| 830 |
|
0 |
|a International Series in Operations Research & Management Science,
|x 0884-8289 ;
|v 268
|
| 856 |
4 |
0 |
|u https://doi.org/10.1007/978-3-319-72153-8
|z Full Text via HEAL-Link
|
| 912 |
|
|
|a ZDB-2-BUM
|
| 950 |
|
|
|a Business and Management (Springer-41169)
|